Countries that love each other - Statistics

General Stats
  • This quiz has been taken 168 times
  • The average score is 7 of 9
Answer Stats
Hint Answer % Correct
3 Countries that are communist propaganda Russia/China/North korea
95%
One is communist propaganda and one has the largest lizard Indonesia/Russia
88%
Hated each other in revolutionary war but love each other now USA/UK
88%
Allies ever since revolutionary war France/USA
87%
Both in Oceania Australia/New zealand
84%
Allies in WW1 and after WW2 France/italy
74%
They're both in "Central" america Mexico/El salvador
66%
Both asian India/Bangladesh
65%
Almost look identical Ireland/Italy
45%
No matching quizzes found
Score Distribution
Percent of People with Each Score
Percentile by Number Answered
Your Score History
You have not taken this quiz